| 000 | 00598nam a2200217Ia 4500 | ||
|---|---|---|---|
| 003 | OSt | ||
| 005 | 20230612093313.0 | ||
| 008 | 210423s2002 xx 000 0 und d | ||
| 040 | _cAL | ||
| 041 | _aeng | ||
| 082 |
_a030 PRUE _223 |
||
| 100 |
_aPRUTHI (Rajkumar);DEVI (Rameshwari) _9115758 |
||
| 245 | _aEncyclopedia of indian society and culture | ||
| 260 |
_aJaipur _bMangal Deep Publications _c2002 |
||
| 365 |
_b600 _cINR |
||
| 440 | _v1 | ||
| 650 |
_aEncyclopedic Works _9115759 |
||
| 650 |
_aGeneral _9115760 |
||
| 906 | _aculture. ; Encyclopedia ; indian ; society | ||
| 942 |
_2ddc _cBK |
||
| 999 |
_c173541 _d173541 |
||